| 000 | 06251cam a22019814i 4500 | ||
|---|---|---|---|
| 003 | PE-LiUPU | ||
| 005 | 20250813165700.0 | ||
| 008 | 150625s2005 sp rb 000 0 spa d | ||
| 020 | _a0881139033 | ||
| 020 | _a9780881139037 | ||
| 035 | _a(Sirsi) i9780881139037 | ||
| 040 |
_aPE-LiUPU _bspa _cPE-LiUPU _erda |
||
| 049 | _aPRUA | ||
| 082 | 0 | 4 |
_a303.34 _bM11 2006 |
| 082 | 0 | 4 |
_a658.4092 _bM32 _221 |
| 100 | 1 |
_aMaxwell, John C. , _eautor. |
|
| 245 | 1 | 0 |
_aLíder de 360º : _bcómo desarrollar su influencia desde cualquier posición en su organización / _cJohn C. Maxwell. |
| 246 | 3 | _aLíder de trescientos sesenta grados | |
| 264 | 1 |
_aNashville, TN : _bLíder Latino, _c2005. |
|
| 300 |
_a308 páginas ; _c21 centímetros. |
||
| 336 |
_atext _2rdacontent |
||
| 337 |
_aunmediated _2rdamedia |
||
| 338 |
_avolume _2rdacarrier |
||
| 504 | _aIncluye notas bibliográficas al final del libro. | ||
| 505 | 0 | _aLos mitos de dirigir una organización desde la zona intermedia -- Los desafíos que un líder de 360º enfrenta --Los principios que los líderes de 360º practican para dirigir a los líderes que los supervisan -- Los principios que los líderes de 360º practican para liderar lateralmente a sus compañeros -- Los principios que los líderes de 360º practican para guiar a us subordinados -- El valor de los líderes 360º -- Cree un ambiente que libera a los líderes de 360º. | |
| 526 | _aP203 | ||
| 526 | _aP200 | ||
| 526 | _aSEG65 | ||
| 526 | _aSEG64 | ||
| 526 | _aSEG63 | ||
| 526 | _aSEG62 | ||
| 526 | _aSEG61 | ||
| 526 | _aSEG60 | ||
| 526 | _aSEG59 | ||
| 526 | _aSEG58 | ||
| 526 | _aSEG57 | ||
| 526 | _aSEG56 | ||
| 526 | _aSEG55 | ||
| 526 | _aSEG54 | ||
| 526 | _aSEG53 | ||
| 526 | _aSEG52 | ||
| 526 | _aSEG51 | ||
| 526 | _aSEG50 | ||
| 526 | _aSEG49 | ||
| 526 | _aSEG48 | ||
| 526 | _aSEG47 | ||
| 526 | _aSEG46 | ||
| 526 | _aSEG24 | ||
| 526 | _aSEG23 | ||
| 526 | _aSEG22 | ||
| 526 | _aSEG21 | ||
| 526 | _aSEG20 | ||
| 526 | _aSEG19 | ||
| 526 | _aSEG18 | ||
| 526 | _aSEG17 | ||
| 526 | _aSEG16 | ||
| 526 | _aSEG14 | ||
| 526 | _aSEG13 | ||
| 526 | _aSEG12 | ||
| 526 | _aSEG11 | ||
| 526 | _aSEG10 | ||
| 526 | _aSEG09 | ||
| 526 | _aSEG06 | ||
| 526 | _aSEG05 | ||
| 526 | _aSEG04 | ||
| 526 | _aSEG03 | ||
| 526 | _aSEG02 | ||
| 526 | _aSEG68 | ||
| 526 | _aSEG66 | ||
| 526 | _aSEG45 | ||
| 526 | _aSEG25 | ||
| 526 | _aSEG01 | ||
| 526 | _aP163 | ||
| 526 | _aP162 | ||
| 526 | _aP161 | ||
| 526 | _aP160 | ||
| 526 | _aP159 | ||
| 526 | _aP158 | ||
| 526 | _aP157 | ||
| 526 | _aP156 | ||
| 526 | _aP155 | ||
| 526 | _aP154 | ||
| 526 | _aP153 | ||
| 526 | _aP152 | ||
| 526 | _aP151 | ||
| 526 | _aP150 | ||
| 526 | _aP149 | ||
| 526 | _aP142 | ||
| 526 | _aP141 | ||
| 526 | _aP140 | ||
| 526 | _aP139 | ||
| 526 | _aP138 | ||
| 526 | _aP137 | ||
| 526 | _aP132 | ||
| 526 | _aP131 | ||
| 526 | _aP130 | ||
| 526 | _aP126 | ||
| 526 | _aP125 | ||
| 526 | _aP124 | ||
| 526 | _aP123 | ||
| 526 | _aP115 | ||
| 526 | _aP122 | ||
| 526 | _aP121 | ||
| 526 | _aP116 | ||
| 526 | _a P114 | ||
| 526 | _aP112 | ||
| 526 | _aP111 | ||
| 526 | _aP104 | ||
| 526 | _aP103 | ||
| 526 | _aP102 | ||
| 526 | _aP101 | ||
| 526 | _aP100 | ||
| 526 | _aP96 | ||
| 526 | _aP95 | ||
| 526 | _aP93 | ||
| 526 | _aP92 | ||
| 526 | _aP91 | ||
| 526 | _aP88 | ||
| 526 | _aP83 | ||
| 526 | _aP82 | ||
| 526 | _aP79 | ||
| 526 | _aP78 | ||
| 526 | _aP75 | ||
| 526 | _aP74 | ||
| 526 | _aP71 | ||
| 526 | _aP69 | ||
| 526 | _a P51 | ||
| 526 | _aP49 | ||
| 526 | _aP48 | ||
| 526 | _aP47 | ||
| 526 | _aP33 | ||
| 526 | _aP31 | ||
| 526 | _a P30 | ||
| 526 | _aP29 | ||
| 526 | _aP27 | ||
| 526 | _aP26 | ||
| 526 | _aP25 | ||
| 526 | _aP24 | ||
| 526 | _a P22 | ||
| 526 | _aP10 | ||
| 526 | _aP09 | ||
| 526 | _a P08 | ||
| 526 | _aP06 | ||
| 526 | _aP05 | ||
| 526 | _aP04 | ||
| 526 | _aP01 | ||
| 541 | _g002-000007; | ||
| 541 | _g002-000007; | ||
| 541 | _g002-000028; | ||
| 541 | _g002-000028; | ||
| 650 | 0 | 4 | _aLiderazgo. |
| 650 | 0 | 4 | _aOrganización. |
| 910 |
_btqv _cwelc _d20161103 |
||
| 942 |
_2ddc _cBOOK |
||
| 949 |
_a253 M32 _wDEWEY _c3 _i60233 _d2016-7-25 _e2016-7-24 _lCCODEBUL1 _mBUL _n1 _p16.00 _r0 _sY _tBOOK _u2015-6-25 _xTEOLOGIA _zUNKNOWN _0COMPRA _o.STAFF. Colección Teología |
||
| 949 |
_a253 M32 _wDEWEY _c4 _i60234 _lCCODEBUL1 _mBUL _p16.00 _r0 _sY _tBOOK _u2015-6-25 _xTEOLOGIA _zUNKNOWN _0COMPRA _o.STAFF. Colección Teología |
||
| 949 |
_a303.34 M11 2006 _wDEWEY _c1 _iFJ03734 _lCCODEBUJ1 _mBUJ _p16.00 _r0 _sY _tBOOK _u2016-11-3 _xFCE _PP04 _0COMPRA _o.STAFF. Colección General Juliaca |
||
| 949 |
_a658.4092 M32 _wDEWEY _c1 _i62555 _d2016-8-26 _e2016-8-22 _lCCODEBUL1 _mBUL _n2 _p9.00 _r0 _sY _tBOOK _u2015-6-25 _xFCE _PP04 _0COMPRA _o.STAFF. Colección Teología |
||
| 949 |
_a658.4092 M32 _wDEWEY _c2 _i62556 _d2016-9-6 _e2016-9-4 _lCCODEBUL1 _mBUL _n3 _p9.00 _r0 _sY _tBOOK _u2015-6-25 _xTEOLOGIA _PP04 _0COMPRA _o.STAFF. Colección Teología |
||
| 994 |
_aC0 _bPEPRU |
||
| 596 | _a1 3 | ||
| 999 |
_a658.4092 M32 _wDEWEY _c46706 _i62555 _d46706 _e2016-8-22 _f2019-12-11 _g5 _lCCODEBUL1 _mBUL _n2 _p9.00 _r0 _sY _tBOOK _u2015-6-25 _xFCE _PP04 _0COMPRA _o.STAFF. Colección General |
||
| 999 |
_a658.4092 M32 _wDEWEY _c2 _i62556 _d2019-11-6 _e2019-11-5 _f2021-11-8 _g4 _lCCODEBUL1 _mBUL _n23 _p9.00 _q2 _r0 _sY _tBOOK _u2015-6-25 _xFCE _PP35 _0COMPRA _o.STAFF. Colección Teología |
||
| 999 |
_a253 M32 _wDEWEY _c3 _i60233 _d2018-8-7 _e2017-8-9 _f2021-11-8 _g5 _lCCODEBUL1 _mBUL _n2 _p16.00 _q2 _r0 _sY _tBOOK _u2015-6-25 _xFCE _PP35 _0COMPRA _o.STAFF. Colección Teología |
||
| 999 |
_a253 M32 _wDEWEY _c4 _i60234 _d2018-5-10 _e2017-10-20 _f2021-11-8 _g5 _lCCODEBUL1 _mBUL _n4 _p16.00 _q2 _r0 _sY _tBOOK _u2015-6-25 _xFCE _PP35 _0COMPRA _o.STAFF. Colección Teología |
||
| 999 |
_a303.34 M11 2006 _wDEWEY _c1 _iFJ03734 _d2019-9-10 _e2018-8-26 _f2022-1-17 _g5 _lCCODEBUJ1 _mBUJ _n2 _p16.00 _q4 _r0 _sY _tBOOK _u2016-11-3 _xFCE _PP04 _0COMPRA _o.STAFF. Colección General Juliaca |
||
| 980 |
_81 _gALBERTO SANCHEZ Responsable de Automatización |
||